Les plus gros transferts du football - Gardiens de but - 2017-2018 - Statistiques

Statistiques générales
  • Ce quiz a été pris 55 fois
  • Le résultat moyen est 4 sur 10
Statistiques - réponses
Montant de transfert (M €) Nationalité Venant de Allant à Joueur % Correct
40,00 Brésil Benfica Manchester City Ederson
100%
28,50 Angleterre AFC Sunderland FC Everton Jordan Pickford
90%
18,40 Pologne Arsenal Juventus Turin Wojciech Szczęsny
69%
11,50 Bosnie-Herzégovine / Canada Chelsea Bournemouth Asmir Begovic
53%
7,00 Brésil Juventus Turin FC Valencia Neto
47%
6,00 Australie FC Valencia Brighton Mathew Ryan
39%
5,00 Cameroun / Suisse BSC Young Boys RB Leipzig Yvon Mvogo
22%
5,72 Albanie Lazio Rome Atalanta BC Etrit Berisha
8%
4,00 Allemagne Leicester City VfB Stuttgart Ron-Robert Zieler
8%
5,60 Irlande West Ham United Middlesbrough Darren Randolph
4%
Aucun quiz correspondant
Distribution des résultats
% des personnes avec chaque résultat
Percentile par nombre de réponses
Votre historique - résultats
Vous n’avez pas pris ce quiz